1936 1652 1862 1063 1944 1372 1706 1155 1843 1585 1479 1010 1693 1717 1608 1997 1107 1192 1964 1235 1793 1579 1247 1112 1653 1097 1705 1499 1391 1821 1671 1544 1464 1747 1991 1335 1590 1281 1648 1929 1091 1432 1134 1194 1147 1524 1832 1596 1804 1724 1325 1578 1974 1754 1253 1922 1708 1140 1285 1367 1349 1250 1960 1476 1190 1558 1259 1431 1995 1854 1868 1591 1129 1417 1064 1848 1676 1594 1945 1398 1268 1650 1091 1760 1267 1332 1389 1710 1653 1933 1912 1131 1878 1222 1795 1958 1576 1591 1689 BCNSPRNW ULIB Ver.6.0+V

เปลี่ยนเป็นภาษาไทย

Change to English
 แสดงรายละเอียดบรรณานุกรม
  กลับหน้าหลัก

Brief Record : Get Marc (ISO 2709) : E-mail record : QR code < ปิดหน้าต่าง
LEADER : 00000nam 2200000uu 4500
001    13399113044
003     ULIB
008    110922s2552||||th 000 0 tha d
020    974999339X
050 04 PL4158^bด164ท 2552
100 0  ดวงใจ ไทยอุบุญ
245 10 ทักษะการเขียนภาษาไทย /^cดวงใจ ไทยอุบุญ
250    พิมพ์ครั้งที่ 4
260    กรุงเทพฯ :^bสำนักพิมพ์แห่งจุฬาลงกรณ์มหาวิทยาลัย,^c2552
300    304 หน้า ;^c21 ซม
505 2  ปัญหาการใช้ภาษาในการเขียน -- หลักการเขียนเบื้องต้น --การสะสมประสบการณ์เพื่อช่วยพัฒนาทักษะการเขียน -- การใช้โวหาร -- สำนวน สุภาษิต คำพังเพย -- การเขียนประเภทต่างๆ
650  7 ภาษาไทย^xการเขียน
650  7 ภาษาไทย^xการใช้ภาษา
710 2  จุฬาลงกรณ์มหาวิทยาลัย.^bภาควิชาสารัตถศึกษา
945    ^p150^l0^i027012
945    ^p150^l0^i027013
995    ทศพร
999 ^a ทศพร
รายการนี้ยังไม่มีแท็ก
คุณยังไม่ได้ล็อกอิน คุณสามารถมีกิจกรรมร่วมกับเว็บไซต์ได้ แต่ต้องล็อกอินก่อน ::
  ล็อกอิน

รายการสื่อสารสนเทศ

ลำดับที่ ประเภท เลขเรียก/บาร์โค้ด สถานที่ สถานะ
- ไม่พบข้อมูล -

รายการใกล้เคียง
    ผู้แต่ง [ดวงใจ ไทยอุบุญ]

BibComment


ยังไม่เคยถูกคอมเมนท์

คอมเมนท์ทรัพยากรรายการนี้
  คอมเมนท์: ทักษะการเขียนภาษา..


 Copyright 2026. Bcnsprnw @Library